Terytoria zależne Wielkiej Brytanii - Statystyki

Ogólne statystyki
  • Ten quiz został rozwiązany 62 razy
  • Średni wynik to 4 z 15
Statystyki odpowiedzi
Kraj/Region/Terytoria Kontynent % Poprawnych
Gibraltar Europa
60%
Falklandy Ameryka Południowa
57%
Bermudy Ameryka Północna
55%
Brytyjskie Wyspy Dziewicze Ameryka Północna
49%
Kajmany Ameryka Północna
36%
Montserrat Ameryka Północna/Środkowa
30%
Brytyjskie Terytorium Oceanu Indyjskiego Azja
28%
Pitcairn Oceania
28%
Georgia Południowa i Sandwich Południowy Ameryka Południowa
23%
Turks i Caicos Ameryka Północna
21%
Brytyjskie Terytorium Antarktyczne Antarktyda
13%
Akrotiri Europa/Azja
9%
Wyspa Świętej Heleny, Wyspa Wniebowstąpienia i Tristan da Cunha Afryka
6%
Dhekelia Europa/Azja
4%
Angulia Ameryka Północna
0%
Nie znaleziono quizów pasujących do podanych kryteriów
Rozkład punktacji
Procent ludzi z każdym wynikiem
Percentyl według liczby udzielonych odpowiedzi
Twoja historia wyników
Nie rozwiązałeś tego quizu